000
00297nam a22001217a 4500
003
OSt
008
250129b |||||||| |||| 00| 0 eng d
041
_a
eng
100
_a
James
_9
5717
245
_a
Source Book for Farm Energy Alternatives
260
_a
New Delhi:
_b
McGraw Hill,
_c
1983.
942
_c
BK
999
_c
19179
_d
19179